[Event "FIDE Women GP Monaco 2019"]
[Site "Monaco"]
[Date "2019.12.10"]
[Round "7.4"]
[White "Muzychuk, Anna"]
[Black "Harika, Dronavalli"]
[Result "1/2-1/2"]
[WhiteElo "2537"]
[BlackElo "2518"]
[Annotator "ChessBase"]
[PlyCount "47"]
[EventDate "2019.12.03"]
[EventType "tourn"]
[EventCountry "MNC"]
[SourceTitle "playchess.com"]
[Source "ChessBase"]
[SourceQuality "1"]
[TimeControl "40/5400+30:1800+30"]

1. e4 {[%emt 0:00:00]} c5 {[%emt 0:00:00]} 2. Nf3 {[%emt 0:00:00]} Nc6 {[%emt 0:00:00]} 3. Bb5 {[%emt 0:00:00]} g6 {[%emt 0:00:00]} 4. Bxc6 {[%emt 0:00:00]} dxc6 {[%emt 0:00:39]} 5. d3 {[%emt 0:00:01]} Bg7 {[%emt 0:00:12]} 6. h3 {[%emt 0:00:08]} Qc7 {[%emt 0:00:59]} 7. Nc3 {[%emt 0:01:15]} e5 {[%emt 0:00:20]} 8. a3 {[%emt 0:04:21]} a5 {[%emt 0:02:43]} 9. O-O {[%emt 0:01:00]} Ne7 {[%emt 0:01:39]} 10. Be3 {[%emt 0:08:04]} b6 {[%emt 0:00:45]} 11. Qc1 {[%emt 0:13:49]} h6 12. Nd2 {[%emt 0:02:01]} f5 {[%emt 0:11:04]} 13. exf5 {[%emt 0:07:24]} Nxf5 {[%emt 0:04:14]} 14. Nce4 {[%emt 0:05:55]} O-O {[%emt 0:05:08]} 15. a4 {[%emt 0:01:17]} Be6 {[%emt 0:03:27]} 16. Nc4 {[%emt 0:02:34]} Rab8 {[%emt 0:06:09]} 17. c3 {[%emt 0:05:19]} g5 {[%emt 0:05:13]} 18. Qc2 {[%emt 0:02:29]} Qd7 {[%emt 0:04:20]} 19. Qe2 {[%emt 0:10:03]} Qc7 {[%emt 0:11:22]} 20. Qh5 {[%emt 0:06:05]} Bf7 {[%emt 0:11:18]} 21. Qg4 {[%emt 0:00:04]} Be6 {[%emt 0:02:35]} 22. Qh5 {[%emt 0:00:08]} Bf7 {[%emt 0:00:09]} 23. Qg4 {[%emt 0:00:05]} Be6 {[%emt 0:00:25]} 24. Qh5 {[%emt 0:00:16]} 1/2-1/2

[Event "FIDE Women GP Monaco 2019"]
[Site "Monaco"]
[Date "2019.12.10"]
[Round "7.5"]
[White "Koneru, Humpy"]
[Black "Zhao, Xue"]
[Result "1-0"]
[WhiteElo "2574"]
[BlackElo "2485"]
[Annotator "TA"]
[PlyCount "147"]
[EventDate "2019.12.03"]
[EventType "tourn"]
[EventCountry "MNC"]
[SourceTitle "playchess.com"]
[Source "ChessBase"]
[SourceQuality "1"]

{[%evp 9,147,46,58,66,59,-16,-9,-9,-11,0,3,7,35,-30,-18,-25,-22,-31,-24,-61,-33,-47,-40,-66,-38,-64,-63,-75,-70,-74,-59,-64,-63,-53,-50,-90,-100,-91,-97,-89,-105,-97,-104,-95,-26,-38,-23,-31,44,52,39,51,54,0,34,0,13,9,26,32,28,0,62,73,165,0,0,-5,0,-20,116,105,106,102,119,83,98,0,0,-6,172,171,329,329,297,304,454,448,439,450,453,452,526,524,513,504,543,570,504,529,577,573,572,551,577,564,546,534,593,589,690,677,671,651,794,794,794,794,794,794,794,794,794,794,794,794,781,768,786,780,729,670,2658,2621,2502,2502,1668,911,882,862]} 1. Nf3 d5 2. d4 b5 (2... Nf6 3. c4 e6 4. Nc3 c5 5. cxd5 Nxd5 6. e3 cxd4 7. exd4 Nxc3 8. bxc3 Qc7 9. Bd2 Nd7 10. Bd3 b6 11. Ng5 Nf6 12. Qf3 Rb8 13. O-O Bd6 14. Qh3 {½-½ (64) Radjabov,T (2758)-Ding,L (2811) Khanty-Mansiysk 2019}) 3. e4 dxe4 $146 ({Predecessor:} 3... a6 4. a4 b4 5. e5 c5 6. c3 e6 7. Be2 bxc3 8. bxc3 cxd4 9. cxd4 Bb4+ 10. Bd2 {0-1 (37) Ayan,B (1905)-Nastase,A (1986) Mamaia 2017}) 4. Ng5 Nf6 5. Bxb5+ c6 6. Bc4 {D02: 1 d4 d5 2 Nf3 sidelines, including 2...Nf6 3 g3 and 2...Nf6 3 Bf4} e6 7. O-O (7. Nc3 $14) 7... h6 $11 8. Nh3 {The position is equal.} Nbd7 9. Re1 Bb7 10. Nc3 Bb4 (10... Nb6 $5 {[%cal Rb6c4]} 11. Bf1 g5 $11) 11. a3 ({Better is} 11. Nxe4 $14 Bxe1 12. Nd6+ {[%mdl 64] Double Attack} Ke7 13. Nxb7) 11... Bxc3 $1 12. bxc3 Qa5 13. Bd2 O-O 14. Bf1 Ba6 15. c4 Qf5 16. Be2 e5 17. c3 Nb6 $1 18. c5 Bxe2 19. Qxe2 Nbd5 20. dxe5 Qxe5 21. Rac1 h5 22. c4 Ng4 $1 23. g3 Ndf6 24. Ng5 Qf5 $1 25. Bf4 Rfe8 $1 26. Kg2 Qxc5 (26... Nd7 $1 $17 27. Nxe4 Nxc5) 27. h3 Nh6 28. Qc2 {[%cal Rg5e4]} e3 (28... Qf5 $15) 29. Rxe3 $14 Nf5 30. Rxe8+ Rxe8 31. Nf3 (31. Rd1 $14) 31... g6 32. Rd1 Qxa3 33. Be5 Nh7 34. Bb2 Qb4 35. Ne5 Nf8 ({Black should play} 35... c5 $11) 36. Nd3 $1 $36 {[%cal Rd3b4][%mdl 3072] White has compensation. White has strong initiative.} Qb7 (36... Qd6 $16 {keeps fighting.}) 37. c5 $2 (37. Qc3 $18 {[%csl Gb2][%cal Rc3h8]} c5+ 38. Kh2) 37... Ne6 $11 38. Qc3 {[%csl Gb2][%cal Rc3h8]} Kh7 39. Ne5 {[#]} Rb8 {[#]} (39... Nxc5 $1 $11 {[%mdl 512]} 40. Ba3 (40. Qxc5 Qxb2) 40... Ne4 41. Qxc6 Qxc6 42. Nxc6 Rc8) 40. Ba1 $1 $16 Qb3 41. Rd7 {Hoping for Qxb3.} Qxc3 42. Bxc3 Rb3 43. Ba5 ({Don't play} 43. Nxf7 $6 Nf8 $11) (43. Rxf7+ $16 Kg8 44. Bd2) 43... Kg8 $11 44. Rxf7 {Strongly threatening Rf6.} Nxg3 $2 (44... h4 $1 $11 {and Black is okay.} 45. Rxa7 (45. Rf6 hxg3 46. fxg3 Rxg3+ 47. Kf1 Nfd4 $15) 45... hxg3 46. Ra8+ Kg7 47. Ra7+ Kf6 48. Nd7+ Kg5 49. Bd2+ Nf4+ 50. Bxf4+ Kxf4 51. Ra4+ Kg5 52. fxg3 Rxg3+ 53. Kh2 Re3) 45. fxg3 $18 Nxc5 $2 (45... Re3 {was necessary.}) 46. Rf3 Rb2+ 47. Rf2 Rb3 (47... Rxf2+ {was called for.} 48. Kxf2 Nb3) 48. Nxg6 {White is clearly winning.} Ne4 49. Ne7+ Kg7 50. Nf5+ Kf6 51. Nd4+ Nxf2 52. Nxb3 Ne4 53. Nd4 c5 54. Nb5 c4 55. Nc3 Nc5 56. Kf3 Ke5 57. Ke3 Kf5 58. Bc7 Ne6 59. Bd6 Ng5 {[#]} 60. h4 $1 Ne6 61. Ne4 a5 62. Bb8 Kg6 63. Nd6 c3 64. Kd3 Nd4 65. Nc4 c2 66. Bf4 Ne6 67. Bd2 a4 68. Ne3 Nc5+ 69. Kxc2 a3 70. Bc3 Ne4 71. Be5 Nc5 72. Kb1 Nd3 73. Bb8 Nc5 74. Ka2 {Accuracy: White = 70%, Black = 37%.} 1-0

[Event "FIDE Women GP Monaco 2019"]
[Site "Monaco"]
[Date "2019.12.10"]
[Round "7.6"]
[White "Lagno, Kateryna"]
[Black "Kosteniuk, Alexandra"]
[Result "1-0"]
[WhiteElo "2547"]
[BlackElo "2483"]
[Annotator "TA"]
[PlyCount "95"]
[EventDate "2019.12.03"]
[EventType "tourn"]
[EventCountry "MNC"]
[SourceTitle "playchess.com"]
[Source "ChessBase"]
[SourceQuality "1"]

{[%evp 15,95,25,16,-6,-7,-2,15,-13,41,41,62,25,24,20,32,22,52,41,49,39,30,40,81,93,138,130,136,132,120,120,158,158,156,147,170,164,220,174,291,174,156,134,143,128,199,177,250,257,326,326,326,326,299,170,299,299,299,262,362,352,674,681,1218,1127,1216,1131,1577,2541,6072,5266,5997,5189,7616,6497,5281,4013,29984,29985,29985,29984,29980,29981]} 1. e4 e5 2. Nf3 Nc6 3. Bb5 a6 4. Ba4 Nf6 5. O-O Be7 6. d3 b5 7. Bb3 O-O 8. a4 b4 9. Bd5 {C84: Closed Ruy Lopez: Unusual White 6th moves} (9. Nbd2 d6 10. Nc4 Rb8 11. h3 h6 12. c3 bxc3 13. bxc3 Be6 14. Ba2 Nd7 15. Qe2 Kh7 16. d4 exd4 17. cxd4 {0-1 (30) Jakovenko,D (2710)-Kovalev,V (2636) Sochi 2017}) 9... Nxd5 10. exd5 Nd4 11. Nxe5 {The position is equal.} d6 (11... Bb7 $11) 12. Nc4 $14 Bg5 {With the idea ...Bxc1.} 13. Be3 $146 (13. Nbd2 {is more complex.} a5 14. Ne3 Nf5 15. Nxf5 Bxf5 16. Nc4) ({Predecessor:} 13. Nbd2 Re8 14. Ne4 Bxc1 15. Rxc1 f5 16. c3 fxe4 17. cxd4 {1-0 (30) Petrov,M (2441)-Dimov,G Plovdiv 2004}) 13... Nf5 14. Nbd2 Nxe3 15. Nxe3 Bb7 16. Ndc4 $36 {[%mdl 2048] White is more active.} Qf6 17. Qd2 a5 18. c3 Qh6 19. cxb4 Bf4 {[%csl Gf4][%cal Rh6h2]} 20. g3 Bxd5 21. Qd1 ({Worse is} 21. Nxa5 Rfe8 $11) 21... Bxe3 22. Nxe3 Bb7 23. Rc1 c6 24. bxa5 Rxa5 {[#]} 25. b4 $1 {[%cal Rb4a5]} Rh5 (25... Raa8 {was called for.} 26. Nc4 c5) 26. h4 Re8 (26... Qg6 $142) 27. Re1 (27. Qf3 $142) 27... Rhe5 $18 28. d4 Re4 29. Qd3 Qe6 (29... g5 $16) 30. Ng2 {Strongly threatening Rxe4.} c5 (30... Kf8 {might work better.}) 31. f3 (31. bxc5 $2 Rxe1+ 32. Nxe1 Qxe1+ 33. Rxe1 Rxe1+ 34. Qf1 Rxf1+ 35. Kxf1 dxc5 $19) 31... c4 32. Qc3 (32. Rxe4 cxd3 33. Rxe6 Rxe6 $16) 32... Rxe1+ 33. Rxe1 Qd7 34. Rxe8+ ({Less strong is} 34. Qxc4 Qxa4 35. Rxe8+ Qxe8 $14) 34... Qxe8 35. b5 ({Not} 35. Qxc4 Qxa4 36. Qc7 Qa8 $14) 35... Qa8 36. Qxc4 Bxf3 37. Ne3 g6 $2 (37... h5 38. d5 Qe8) 38. d5 Qa5 39. Kf2 Bh1 40. Qd4 f5 {[#]} 41. h5 $1 {[%mdl 512]} f4 (41... gxh5 42. Nxf5) 42. gxf4 Qd8 43. h6 {[%csl Gh6][%cal Rd4g7]} Qh4+ 44. Kg1 {[%csl Gh6][%cal Rd4g7]} Qxh6 45. b6 {[%cal Bb5b6,Bb6b7][%mdl 32]} Qh4 46. b7 {White mates.} Qe1+ 47. Nf1 Qb1 48. Qa7 {Accuracy: White = 84%, Black = 35%.} 1-0

[Event "FIDE Women GP Monaco 2019"]
[Site "Monaco"]
[Date "2019.12.11"]
[Round "8.1"]
[White "Dzagnidze, Nana"]
[Black "Kosteniuk, Alexandra"]
[Result "0-1"]
[WhiteElo "2520"]
[BlackElo "2483"]
[Annotator "ChessBase"]
[PlyCount "118"]
[EventDate "2019.12.03"]
[EventType "tourn"]
[EventCountry "MNC"]
[SourceTitle "playchess.com"]
[Source "ChessBase"]
[SourceQuality "1"]
[TimeControl "40/5400+30:1800+30"]

1. c4 {[%emt 0:00:00]} Nf6 {[%emt 0:00:00]} 2. Nc3 {[%emt 0:00:00]} c5 {[%emt 0:00:00]} 3. g3 {[%emt 0:02:03]} d5 {[%emt 0:00:11]} 4. cxd5 {[%emt 0:00:07]} Nxd5 {[%emt 0:00:04]} 5. Bg2 {[%emt 0:00:10]} Nc7 {[%emt 0:00:32]} 6. d3 {[%emt 0:04:26]} e5 {[%emt 0:02:57]} 7. Be3 {[%emt 0:06:17]} Be7 {[%emt 0:01:43]} 8. Rc1 {[%emt 0:02:58]} Nd7 {[%emt 0:05:22]} 9. Nf3 {[%emt 0:05:27]} O-O {[%emt 0:00:50]} 10. O-O {[%emt 0:00:20]} Rb8 {[%emt 0:04:27]} 11. Bh3 {[%emt 0:12:17]} f5 {[%emt 0:11:00]} 12. Qb3+ {[%emt 0:01:34]} Kh8 {[%emt 0:00:07]} 13. Nd5 {[%emt 0:00:35]} Nxd5 {[%emt 0:01:24]} 14. Qxd5 {[%emt 0:00:04]} b6 {[%emt 0:09:58]} 15. Nxe5 {[%emt 0:07:15]} Nxe5 {[%emt 0:00:07]} 16. Qxe5 {[%emt 0:00:04]} Bd6 {[%emt 0:00:30]} 17. Qd5 {[%emt 0:06:34]} Bb7 {[%emt 0:19:21]} 18. Qc4 {[%emt 0:00:22]} f4 {[%emt 0:00:09]} 19. Bd2 {[%emt 0:00:32]} Qe8 {[%emt 0:00:29]} 20. Bg4 {[%emt 0:30:37]} Qg6 {[%emt 0:03:08]} 21. Bf3 {[%emt 0:00:08]} Bxf3 {[%emt 0:02:36]} 22. exf3 {[%emt 0:00:01]} fxg3 {[%emt 0:03:47]} 23. fxg3 {[%emt 0:00:18]} Bxg3 {[%emt 0:00:15]} 24. Qe4 {[%emt 0:01:48]} Rf5 {[%emt 0:09:32]} 25. Qg4 {[%emt 0:00:11]} Be5 {[%emt 0:00:28]} 26. Qxg6 {[%emt 0:00:31]} hxg6 {[%emt 0:00:02]} 27. Bc3 {[%emt 0:05:29]} Rd8 {[%emt 0:00:20]} 28. f4 {[%emt 0:04:17]} Bxf4 {[%emt 0:01:23]} 29. Rce1 {[%emt 0:00:46]} Rxd3 {[%emt 0:03:39]} 30. Kg2 {[%emt 0:04:42]} Be3 {[%emt 0:03:36]} 31. Rd1 {[%emt 0:00:32]} c4 {[%emt 0:00:16]} 32. Rfe1 {[%emt 0:00:45]} Bg5 {[%emt 0:01:33]} 33. Re8+ {[%emt 0:01:46]} Kh7 {[%emt 0:00:04]} 34. Rde1 {[%emt 0:00:06]} Bd2 {[%emt 0:03:43]} 35. Bxd2 {[%emt 0:01:12]} Rxd2+ {[%emt 0:00:02]} 36. R1e2 {[%emt 0:00:07]} Rxe2+ {[%emt 0:01:31]} 37. Rxe2 {[%emt 0:00:02]} b5 {[%emt 0:00:18]} 38. Rc2 {[%emt 0:02:37]} Rf4 {[%emt 0:01:25]} 39. Kg3 {[%emt 0:01:08]} g5 {[%emt 0:00:16]} 40. Rd2 {[%emt 0:00:09]} Kg6 {[%emt 0:04:02]} 41. Rd7 {[%emt 0:31:23]} a6 {[%emt 0:33:02]} 42. Rc7 {[%emt 0:00:00]} Rd4 {[%emt 0:00:00]} 43. a4 {[%emt 0:00:00]} c3 {[%emt 0:00:00]} 44. Rxc3 {[%emt 0:00:00]} Rxa4 {[%emt 0:00:00]} 45. Rc6+ {[%emt 0:00:00]} Kh5 {[%emt 0:00:00]} 46. Rb6 {[%emt 0:00:00]} Rb4 {[%emt 0:00:00]} 47. Rxa6 {[%emt 0:00:00]} Rb3+ {[%emt 0:00:00]} 48. Kg2 {[%emt 0:00:00]} Rxb2+ {[%emt 0:00:00]} 49. Kg3 {[%emt 0:00:00]} Rb3+ {[%emt 0:00:00]} 50. Kg2 {[%emt 0:00:00]} Kg4 {[%emt 0:00:00]} 51. Rg6 {[%emt 0:00:00]} Rb2+ {[%emt 0:00:00]} 52. Kg1 {[%emt 0:00:00]} Kf3 {[%emt 0:00:00]} 53. h3 {[%emt 0:00:00]} b4 {[%emt 0:00:00]} 54. Rxg5 {[%emt 0:00:00]} b3 {[%emt 0:00:00]} 55. Rb5 {[%emt 0:00:07]} Kg3 {[%emt 0:00:00]} 56. Kf1 {[%emt 0:01:30]} Rb1+ {[%emt 0:00:00]} 57. Ke2 {[%emt 0:00:10]} b2 {[%emt 0:00:00]} 58. Rb3+ {[%emt 0:00:08]} Kh2 {[%emt 0:00:00]} 59. Kd3 {[%emt 0:02:20]} Rd1+ {[%emt 0:00:00] Kd4} 0-1

[Event "FIDE Women GP Monaco 2019"]
[Site "Monaco"]
[Date "2019.12.11"]
[Round "8.2"]
[White "Zhao, Xue"]
[Black "Lagno, Kateryna"]
[Result "1/2-1/2"]
[WhiteElo "2485"]
[BlackElo "2547"]
[Annotator "ChessBase"]
[PlyCount "103"]
[EventDate "2019.12.03"]
[EventType "tourn"]
[EventCountry "MNC"]
[SourceTitle "playchess.com"]
[Source "ChessBase"]
[SourceQuality "1"]
[TimeControl "40/5400+30:1800+30"]

1. d4 {[%emt 0:00:00]} Nf6 {[%emt 0:00:00]} 2. c4 {[%emt 0:00:00]} g6 {[%emt 0:00:00]} 3. g3 {[%emt 0:00:00]} Bg7 {[%emt 0:00:00]} 4. Bg2 {[%emt 0:00:00]} O-O {[%emt 0:00:09]} 5. Nc3 {[%emt 0:01:23]} Nc6 {[%emt 0:00:19]} 6. Nf3 {[%emt 0:00:38]} d5 {[%emt 0:00:17]} 7. cxd5 {[%emt 0:01:19]} Nxd5 {[%emt 0:00:04]} 8. O-O {[%emt 0:00:24]} e5 {[%emt 0:00:19]} 9. Nxd5 {[%emt 0:10:52]} e4 {[%emt 0:00:37]} 10. Ne5 {[%emt 0:06:05]} Qxd5 {[%emt 0:00:49]} 11. Nxc6 {[%emt 0:00:05]} Qxc6 {[%emt 0:00:04]} 12. Bf4 {[%emt 0:04:12]} Bg4 {[%emt 0:00:40]} 13. h3 {[%emt 0:00:49]} Be6 {[%emt 0:00:12]} 14. Rc1 {[%emt 0:08:58]} Qd5 {[%emt 0:01:35]} 15. Bxc7 {[%emt 0:04:18]} Bxd4 {[%emt 0:26:18]} 16. Qa4 {[%emt 0:12:26]} b5 {[%emt 0:15:49]} 17. Qb4 {[%emt 0:01:44]} a5 {[%emt 0:01:04]} 18. Bxa5 {[%emt 0:00:30]} Qxa2 {[%emt 0:21:40]} 19. Qxd4 {[%emt 0:00:52]} Rxa5 {[%emt 0:00:03]} 20. Rc5 {[%emt 0:00:31]} Ra4 {[%emt 0:05:00]} 21. Qe5 {[%emt 0:03:19]} Rb4 {[%emt 0:00:05]} 22. Rxb5 {[%emt 0:01:36]} f6 {[%emt 0:08:41]} 23. Qc5 {[%emt 0:00:04]} Rxb2 {[%emt 0:00:04]} 24. Rxb2 {[%emt 0:04:13]} Qxb2 {[%emt 0:00:04]} 25. Qd6 {[%emt 0:02:59]} Bc4 {[%emt 0:01:25]} 26. Bxe4 {[%emt 0:00:21]} Qxe2 {[%emt 0:00:08]} 27. Bd5+ {[%emt 0:01:15]} Bxd5 {[%emt 0:00:04]} 28. Qxd5+ {[%emt 0:00:07]} Rf7 {[%emt 0:00:29]} 29. Rb1 {[%emt 0:00:45]} Kg7 {[%emt 0:00:07]} 30. Rb8 {[%emt 0:01:27]} Qe1+ {[%emt 0:01:17]} 31. Kg2 {[%emt 0:00:05]} Qe7 {[%emt 0:00:28]} 32. h4 {[%emt 0:00:42]} h5 {[%emt 0:00:55]} 33. Qc6 {[%emt 0:00:38]} Kh6 {[%emt 0:08:17]} 34. Qc8 {[%emt 0:02:06]} Qe4+ {[%emt 0:00:33]} 35. Kh2 {[%emt 0:00:33]} Qf3 {[%emt 0:02:54]} 36. Qh8+ {[%emt 0:06:34]} Rh7 {[%emt 0:00:01]} 37. Qf8+ {[%emt 0:00:08]} Rg7 {[%emt 0:00:02]} 38. Qc5 {[%emt 0:03:48]} Kh7 {[%emt 0:01:18]} 39. Qc2 {[%emt 0:03:47]} Re7 {[%emt 0:00:41]} 40. Qa2 {[%emt 0:00:43]} Rg7 {[%emt 0:03:52]} 41. Rf8 {[%emt 0:36:08]} Re7 {[%emt 0:08:09]} 42. Rd8 {[%emt 0:00:00]} Rg7 {[%emt 0:03:18]} 43. Kg1 {[%emt 0:00:00]} Qe4 {[%emt 0:01:31]} 44. Qb3 {[%emt 0:00:00]} Qe1+ {[%emt 0:01:09]} 45. Kg2 {[%emt 0:00:00]} Qe7 {[%emt 0:01:25]} 46. Qd3 {[%emt 0:00:00]} Qb7+ {[%emt 0:00:27]} 47. Kh2 {[%emt 0:00:00]} Qb6 {[%emt 0:00:29]} 48. Kg1 {[%emt 0:00:00]} Re7 {[%emt 0:01:10]} 49. Qd5 {[%emt 0:00:00]} Qe6 {[%emt 0:00:34]} 50. Qd4 {[%emt 0:00:00]} Qe5 {[%emt 0:00:19]} 51. Qb6 {[%emt 0:00:00]} Qc7 {[%emt 0:00:23]} 52. Qxc7 1/2-1/2

[Event "FIDE Women GP Monaco 2019"]
[Site "Monaco"]
[Date "2019.12.11"]
[Round "8.3"]
[White "Harika, Dronavalli"]
[Black "Koneru, Humpy"]
[Result "1/2-1/2"]
[WhiteElo "2518"]
[BlackElo "2574"]
[Annotator "ChessBase"]
[PlyCount "61"]
[EventDate "2019.12.03"]
[EventType "tourn"]
[EventCountry "MNC"]
[SourceTitle "playchess.com"]
[Source "ChessBase"]
[SourceQuality "1"]
[TimeControl "40/5400+30:1800+30"]

1. e4 {[%emt 0:00:00]} e5 {[%emt 0:00:00]} 2. Nf3 {[%emt 0:00:00]} Nc6 {[%emt 0:00:00]} 3. d4 {[%emt 0:00:00]} exd4 {[%emt 0:00:00]} 4. Nxd4 {[%emt 0:00:00]} Bc5 {[%emt 0:00:15]} 5. Nb3 {[%emt 0:00:27]} Bb6 {[%emt 0:00:18]} 6. Qe2 {[%emt 0:00:18]} a5 {[%emt 0:09:01]} 7. a4 {[%emt 0:01:15]} Nge7 {[%emt 0:07:37]} 8. Nc3 {[%emt 0:09:16]} O-O {[%emt 0:01:12]} 9. Be3 {[%emt 0:00:16]} Bxe3 {[%emt 0:00:45]} 10. Qxe3 {[%emt 0:00:06]} d6 {[%emt 0:07:27]} 11. O-O-O {[%emt 0:01:16]} f5 {[%emt 0:08:12]} 12. f4 {[%emt 0:03:47]} fxe4 {[%emt 0:02:18]} 13. g3 {[%emt 0:04:38]} Nb4 {[%emt 0:21:27]} 14. Bg2 {[%emt 0:03:36]} d5 {[%emt 0:03:43]} 15. Bxe4 {[%emt 0:06:19]} c6 {[%emt 0:00:03]} 16. Rhe1 {[%emt 0:02:41]} Nf5 {[%emt 0:04:47]} 17. Bxf5 {[%emt 0:12:10]} Bxf5 {[%emt 0:00:02]} 18. Nd4 {[%emt 0:00:06]} Qd7 {[%emt 0:00:16]} 19. Nxf5 {[%emt 0:05:06]} Qxf5 {[%emt 0:00:03]} 20. Qe6+ {[%emt 0:00:06]} Qxe6 {[%emt 0:00:22]} 21. Rxe6 {[%emt 0:00:06]} Rfe8 {[%emt 0:03:36]} 22. Rde1 {[%emt 0:01:15]} Kf7 {[%emt 0:02:09]} 23. R6e2 {[%emt 0:03:55]} Rxe2 {[%emt 0:02:00]} 24. Rxe2 {[%emt 0:00:05]} Rd8 {[%emt 0:04:21]} 25. Nd1 {[%emt 0:03:44]} Na6 {[%emt 0:01:14]} 26. Nf2 {[%emt 0:00:59]} Nc5 {[%emt 0:00:18]} 27. b3 {[%emt 0:04:10]} Re8 {[%emt 0:05:50]} 28. Rxe8 Kxe8 29. Kd2 {[%emt 0:04:21]} Ke7 {[%emt 0:01:05]} 30. Nd3 Nd7 31. Ke3 {[%emt 0:02:18]} 1/2-1/2

[Event "FIDE Women GP Monaco 2019"]
[Site "Monaco"]
[Date "2019.12.11"]
[Round "8.4"]
[White "Paehtz, Elisabeth"]
[Black "Muzychuk, Anna"]
[Result "1/2-1/2"]
[WhiteElo "2475"]
[BlackElo "2537"]
[Annotator "ChessBase"]
[PlyCount "54"]
[EventDate "2019.12.03"]
[EventType "tourn"]
[EventCountry "MNC"]
[SourceTitle "playchess.com"]
[Source "ChessBase"]
[SourceQuality "1"]
[TimeControl "40/5400+30:1800+30"]

1. e4 {[%emt 0:00:00]} e5 {[%emt 0:00:00]} 2. Nf3 {[%emt 0:00:00]} Nc6 {[%emt 0:00:00]} 3. Bb5 {[%emt 0:00:00]} a6 {[%emt 0:00:01]} 4. Ba4 {[%emt 0:00:00]} Nf6 {[%emt 0:00:10]} 5. O-O {[%emt 0:00:00]} Be7 {[%emt 0:00:19]} 6. Re1 {[%emt 0:01:50]} b5 {[%emt 0:00:13]} 7. Bb3 {[%emt 0:00:04]} O-O {[%emt 0:00:14]} 8. c3 {[%emt 0:05:10]} d5 {[%emt 0:00:42]} 9. exd5 {[%emt 0:00:37]} Nxd5 {[%emt 0:00:07]} 10. Nxe5 {[%emt 0:00:03]} Nxe5 {[%emt 0:00:08]} 11. Rxe5 {[%emt 0:00:03]} c6 {[%emt 0:00:12]} 12. d3 {[%emt 0:00:37]} Bd6 {[%emt 0:00:43]} 13. Re1 {[%emt 0:00:11]} Bf5 {[%emt 0:01:12]} 14. Qf3 {[%emt 0:01:08]} Qf6 {[%emt 0:04:19]} 15. Bxd5 {[%emt 0:09:50]} cxd5 {[%emt 0:00:26]} 16. Bf4 {[%emt 0:00:27]} Bxf4 {[%emt 0:00:53]} 17. Qxf4 {[%emt 0:00:04]} d4 {[%emt 0:00:27]} 18. cxd4 {[%emt 0:01:24]} Rad8 {[%emt 0:03:35]} 19. Nc3 {[%emt 0:02:34]} Rxd4 {[%emt 0:08:28]} 20. Ne4 {[%emt 0:00:22]} Bxe4 {[%emt 0:01:48]} 21. Qxf6 {[%emt 0:00:07]} gxf6 {[%emt 0:00:06]} 22. Rxe4 {[%emt 0:01:06]} Rxd3 {[%emt 0:04:57]} 23. Rg4+ {[%emt 0:00:47]} Kh8 {[%emt 0:00:10]} 24. Rf4 {[%emt 0:00:04]} Kg7 {[%emt 0:01:27]} 25. Rg4+ {[%emt 0:00:11]} Kh8 {[%emt 0:00:19]} 26. Rf4 {[%emt 0:00:13]} Kg7 {[%emt 0:00:06]} 27. Rg4+ {[%emt 0:00:07]} Kh8 {[%emt 0:00:08]} 1/2-1/2